¿Tiene la historia algún sentido? : una crítica a la filosofía de la historia de Popper /

Uloženo v:
Podrobná bibliografie
Hlavní autor: Wilkins, Burleigh Taylor (autor)
Další autoři: Rosenblueth, Pablo (traducción) (traducción)
Médium: Kniha
Jazyk:španělština
Vydáno: México : Fondo de Cultura Económica, 1983, c1983
Tagy: Přidat tag
Žádné tagy, Buďte první, kdo vytvoří štítek k tomuto záznamu!

MARC

LEADER 00000nam^a2200000^a^4500
001 000572104
005 20250521000000.0
009 20260310132301.597
020 |a 968-16-1464-X 
037 |a Acervo Xavier Clavigero 
041 |a ESP 
091 |a FPA. 03612 
100 |a Wilkins, Burleigh Taylor  |e (autor) 
245 1 0 |a ¿Tiene la historia algún sentido? :  |b una crítica a la filosofía de la historia de Popper / 
264 4 |a México :  |b Fondo de Cultura Económica,  |c 1983, c1983 
300 |a 325 p. 
336 |a texto  |b txt  |2 rdacontenido 
337 |a sin mediación  |b n  |2 rdamedio 
338 |a volumen  |b nc  |2 rdasoporte 
649 |a XX 
700 |a Rosenblueth, Pablo  |e (traducción) 
910 |a Fondo José Ignacio Palencia Gómez S.J. 
920 |a Impresos - Libros 
930 |a Fondos Especiales 
905 |a 137 
901 |a 0500356324  |b IT2  |c ESL  |i D  |u 20250521 
902 |a https://opac.biblio.iteso.mx/vufind/Record/000572104